Czerwone wirchy

Zobrazenie: Pohľad na skalné vrchy, miestami zasnežené

Bibliographic Details
Format: Postcard
Language:Polish
PhysicalDescription:1 pohľadnica kolorovaná 9 x 14 cm
Published: W Krakowie Wydawnictwo Salonu Malarzy Polskich [1914?]
Subjects:

MARC

LEADER 00000nkm a2200000 a 4500
001 vtls011988442
003 SK-MaSNL
005 20260512124927.0
007 kp ho
008 230706q1914 pl g kupol
015 |a SNBG1914 
035 |a urn:nbn:sk:snk-km00ehx7 
035 |a urn:nbn:sk:snk-km45xjw 
035 |a 953BE7FA-B076-4116-A6AD-1330462628A2 
040 |a SNK  |b slo  |c SNK  |e AACR2 
041 0 |a pol 
043 |a e-pl--- e-xo--- 
044 |a pl  |c PL 
072 7 |a 908(437)  |x Vlastiveda Česka a Slovenska  |2 konspekt 
080 |a 908(437.6)  |2 2011 
080 |a 551.24.055  |2 2011 
080 |a 911.2(23.0)  |2 2011 
080 |a 551.435.4  |2 2011 
080 |a 908(438)  |2 2011 
080 |a (234.372.4)  |2 2011 
080 |a 94(084.121)  |2 2011 
245 0 0 |a Czerwone wirchy  |h grafika 
260 |a W Krakowie  |b Wydawnictwo Salonu Malarzy Polskich  |c [1914?] 
300 |a 1 pohľadnica  |b kolorovaná  |c 9 x 14 cm 
500 |a Názvové údaje prevzaté z obrazovej časti pohľadnice 
520 8 |a Zobrazenie: Pohľad na skalné vrchy, miestami zasnežené 
650 0 7 |a vrchy a štíty  |2 SNKPH  |9 165131 
650 0 7 |a hory  |2 SNKPH  |9 55651 
650 0 7 |a skalné útvary  |2 SNKPH  |9 115197 
651 7 |a Červené vrchy (Západné Tatry, Slovensko)  |2 SNKPHgeo  |9 165092 
651 7 |a Západné Tatry (Poľsko a Slovensko : pohorie)  |2 SNKPHgeo  |9 68765 
655 7 |a geografické pohľadnice  |2 SNKPH  |9 70522 
655 7 |a historické pohľadnice  |2 SNKPH  |9 159703 
752 |a Poľsko  |d Krakov 
852 |a Slovenská národná knižnica 
958 |a GC 
958 |a ONDV 
958 |a GBN 
999 |c 952968  |d 954898 
952 |a SNK  |b SNK  |y PREZ  |7 0  |p 17A1380101  |o snkSP 61113  |z Pohľadnica prešla poštou.  |0 0  |1 0  |4 0  |d 2020-08-20  |f 1  |l 0  |r 2026-02-24 09:54:15  |w 2026-02-24